<?xml version="1.0" encoding="UTF-8"?>
<record
    xmlns:xsi="http://www.w3.org/2001/XMLSchema-instance"
    xsi:schemaLocation="http://www.loc.gov/MARC21/slim http://www.loc.gov/standards/marcxml/schema/MARC21slim.xsd"
    xmlns="http://www.loc.gov/MARC21/slim">

  <leader>00404nam a22001697a 4500</leader>
  <controlfield tag="003">OSt</controlfield>
  <controlfield tag="008">230315b        |||||||| |||| 00| 0 eng d</controlfield>
  <datafield tag="020" ind1=" " ind2=" ">
    <subfield code="a">9789383635610</subfield>
  </datafield>
  <datafield tag="022" ind1=" " ind2=" ">
    <subfield code="a">978983635610</subfield>
  </datafield>
  <datafield tag="100" ind1=" " ind2=" ">
    <subfield code="a">ADEPU,Ramesh</subfield>
  </datafield>
  <datafield tag="245" ind1=" " ind2=" ">
    <subfield code="a">Community Pharmacy Practice</subfield>
  </datafield>
  <datafield tag="250" ind1=" " ind2=" ">
    <subfield code="a">2022</subfield>
  </datafield>
  <datafield tag="260" ind1=" " ind2=" ">
    <subfield code="a">Hyderabad</subfield>
    <subfield code="b">Pharma Med Press</subfield>
  </datafield>
  <datafield tag="300" ind1=" " ind2=" ">
    <subfield code="a">xiv,221</subfield>
  </datafield>
  <datafield tag="650" ind1=" " ind2=" ">
    <subfield code="a">Community Pharmacy</subfield>
  </datafield>
  <datafield tag="942" ind1=" " ind2=" ">
    <subfield code="2">ddc</subfield>
    <subfield code="c">BK</subfield>
  </datafield>
  <datafield tag="999" ind1=" " ind2=" ">
    <subfield code="c">11867</subfield>
    <subfield code="d">11867</subfield>
  </datafield>
  <datafield tag="952" ind1=" " ind2=" ">
    <subfield code="0">0</subfield>
    <subfield code="1">0</subfield>
    <subfield code="2">ddc</subfield>
    <subfield code="4">0</subfield>
    <subfield code="7">0</subfield>
    <subfield code="8">DP</subfield>
    <subfield code="a">PIET</subfield>
    <subfield code="b">PIET</subfield>
    <subfield code="d">2023-03-15</subfield>
    <subfield code="e">IBC</subfield>
    <subfield code="f">RUPEES</subfield>
    <subfield code="g">425.00</subfield>
    <subfield code="k">IB/IN/1276</subfield>
    <subfield code="l">0</subfield>
    <subfield code="o">615.1 ADC</subfield>
    <subfield code="p">DP586</subfield>
    <subfield code="r">2023-03-15 00:00:00</subfield>
    <subfield code="v">340.00</subfield>
    <subfield code="w">2023-03-15</subfield>
    <subfield code="y">REF</subfield>
  </datafield>
  <datafield tag="952" ind1=" " ind2=" ">
    <subfield code="0">0</subfield>
    <subfield code="1">0</subfield>
    <subfield code="2">ddc</subfield>
    <subfield code="4">0</subfield>
    <subfield code="7">0</subfield>
    <subfield code="8">DP</subfield>
    <subfield code="a">PIET</subfield>
    <subfield code="b">PIET</subfield>
    <subfield code="d">2023-03-15</subfield>
    <subfield code="e">IBC</subfield>
    <subfield code="f">RUPEES</subfield>
    <subfield code="g">425.00</subfield>
    <subfield code="k">IB/IN/1276</subfield>
    <subfield code="l">3</subfield>
    <subfield code="o">615.1 ADC</subfield>
    <subfield code="p">DP587</subfield>
    <subfield code="r">2023-12-21 00:00:00</subfield>
    <subfield code="s">2023-12-11</subfield>
    <subfield code="v">340.00</subfield>
    <subfield code="w">2023-03-15</subfield>
    <subfield code="y">BK</subfield>
  </datafield>
  <datafield tag="952" ind1=" " ind2=" ">
    <subfield code="0">0</subfield>
    <subfield code="1">0</subfield>
    <subfield code="2">ddc</subfield>
    <subfield code="4">0</subfield>
    <subfield code="7">0</subfield>
    <subfield code="8">DP</subfield>
    <subfield code="a">PIET</subfield>
    <subfield code="b">PIET</subfield>
    <subfield code="d">2023-03-15</subfield>
    <subfield code="e">IBC</subfield>
    <subfield code="f">RUPEES</subfield>
    <subfield code="g">425.00</subfield>
    <subfield code="k">IB/IN/1276</subfield>
    <subfield code="l">4</subfield>
    <subfield code="o">615.1 ADC</subfield>
    <subfield code="p">DP588</subfield>
    <subfield code="r">2025-10-29 00:00:00</subfield>
    <subfield code="s">2025-08-21</subfield>
    <subfield code="v">425.00</subfield>
    <subfield code="w">2023-03-11</subfield>
    <subfield code="y">BK</subfield>
  </datafield>
</record>
